000 00273nam a2200109Ia 4500
001 1272380
005 20260417151427.0
008 260417s9999 xx 000 0 und d
020 _a9786255929570
245 0 _aDostluk Hamlesi
_cBüşra Şen Altun
260 _bKetebe Çocuk
999 _c1272380
_d1272380